000 00375nam a2200133 a 4500
005 20140414131929.0
008 101103s19uu xx 00 eng d
020 _a978-0-06-164993-6
050 _aM 790.6
_bIg3 2008
100 _aIggulden, Gonn
245 _aThe pocket dangerous book for boys :
_bthings to know.
260 _aNew York :
_bCollins,
_c2008.
999 _c112183
_d112183